Desatero manažera
Salvato in:
| Autore principale: | |
|---|---|
| Natura: | Libro |
| Lingua: | ceco |
| Pubblicazione: |
Praha
Computer Press
2003
|
| Serie: | Rozvoj osobnosti
|
| Soggetti: | |
| Tags: |
Nessun Tag, puoi essere il primo ad aggiungerne!!
|
MARC
| LEADER | 00000nam$a2200000$$$4500 | ||
|---|---|---|---|
| 001 | 0019764 | ||
| 005 | 20221207102558.5 | ||
| 020 | |a 80-7226-873-2 | ||
| 041 | 0 | |a cze | |
| 044 | |a CZ | ||
| 245 | 1 | 0 | |a Desatero manažera |c František Bělohlávek |
| 264 | 1 | |a Praha |b Computer Press |c 2003 | |
| 300 | |a 90 s. | ||
| 490 | 1 | |a Rozvoj osobnosti | |
| 830 | 0 | |a Rozvoj osobnosti | |
| 610 | 2 | 0 | |a manažéri |
| 610 | 2 | 0 | |a manažment |
| 610 | 2 | 0 | |a riadenie |
| 610 | 2 | 0 | |a práca s ľuďmi |
| 610 | 2 | 0 | |a práca riadiaca |
| 610 | 2 | 0 | |a tímy pracovné |
| 610 | 2 | 0 | |a pracovníci |
| 610 | 2 | 0 | |a motivácia |
| 610 | 2 | 0 | |a kritika |
| 610 | 2 | 0 | |a psychológia |
| 610 | 2 | 0 | |a odmeňovanie |
| 610 | 2 | 0 | |a kultúra podniková |
| 610 | 2 | 0 | |a komunikácia manažérska |
| 100 | 1 | |a Bělohlávek, František | |